000 00746nam a2200217Ia 4500
003 GCL
008 140319s9999 xx 000 0 ara d
040 _aGCL /
_cGCL
082 0 4 _aد
_b050
100 1 _aناهدة البقصمى
245 1 0 _aالهندسة الوراثية والاخلاق (عالم المعرفة 174) /
_cناهدة البقصمى
260 _a[S.N] :
_bالمجلس الوطنى للثقافة والفنون والاداب
300 _a175 ص
490 _aعالم المعرفة
_v0
650 0 4 _aالطب
650 0 4 _aالاخلاق
650 0 4 _aالسلوك الاجتماعى
650 0 4 _aالجوانب الاخلاقية والدينية
650 0 4 _aالاخلاق الطبية
942 _2ddc
_cBK
999 _c35925
_d35925